TGT Eligibility Digest Physical and Health Education/ (Record no. 199482)
[ view plain ]
| 000 -LEADER | |
|---|---|
| fixed length control field | 00786nam a22001937a 4500 |
| 005 - DATE AND TIME OF LATEST TRANSACTION | |
| control field | 20231229144733.0 |
| 010 ## - LCCN (DPL NO) | |
| LC control number | B-756280-285 |
| 020 ## - INTERNATIONAL STANDARD BOOK NUMBER | |
| International Standard Book Number | 9788175248847 |
| Terms of availability | 2000.00 |
| 035 ## - SYSTEM CONTROL NUMBER | |
| System control number | B-756280-285 |
| 037 ## - SOURCE OF ACQUISITION | |
| Stock number | Bloomsbury Publishing India Pvt. Ltd |
| 082 ## - DEWEY DECIMAL CLASSIFICATION NUMBER | |
| Classification number | 371.73 |
| 100 ## - MAIN ENTRY--PERSONAL NAME | |
| Personal name | Kamlesh,M.L |
| 245 ## - TITLE STATEMENT | |
| Title | TGT Eligibility Digest Physical and Health Education/ |
| Statement of responsibility, etc | By M.L Kamlesh |
| 260 ## - PUBLICATION, DISTRIBUTION, ETC. (IMPRINT) | |
| Place of publication, distribution, etc | New Delhi |
| Name of publisher, distributor, etc | Khel Sahitya Kendra |
| Date of publication, distribution, etc | 2019 |
| 270 ## - ADDRESS | |
| Address | 7/26, Ansari Road, Darya Ganj, |
| City | New Delhi |
| Postal code | 110002 |
| 300 ## - PHYSICAL DESCRIPTION | |
| Extent | 662p. |
| Dimensions | 24cm(Hb) |
| 942 ## - ADDED ENTRY ELEMENTS (KOHA) | |
| Source of classification or shelving scheme | Dewey Decimal Classification |
| Item type | English Books |
| Classification part | 371.73 |
| Call number suffix | KAM |
| Withdrawn status | Lost status | Not for loan | Collection code | Home library | Current library | Date acquired | Source of acquisition | Cost, normal purchase price | Full call number | Barcode | Copy number | Cost, replacement price | Koha item type |
|---|---|---|---|---|---|---|---|---|---|---|---|---|---|
| Non-fiction | Ashok Vihar | Ashok Vihar | 29/12/2023 | Bharatiya Sahitya Bhavan/IN185/29.11.23/26/.23.11.23/1.12.23 | 2000.00 | 371.73 KAM | B-756281 | 1 | 2000.00 | English Books | |||
| Non-fiction | Central Library | Central Library | 29/12/2023 | Bharatiya Sahitya Bhavan/IN185/29.11.23/26/.23.11.23/1.12.23 | 2000.00 | 371.73 KAM | B-756280 | 1 | 2000.00 | English Books | |||
| Non-fiction | Patel Nagar | Patel Nagar | 29/12/2023 | Bharatiya Sahitya Bhavan/IN185/29.11.23/26/.23.11.23/1.12.23 | 2000.00 | 371.73 KAM | B-756282 | 1 | 2000.00 | English Books | |||
| Non-fiction | Peshwa Road | Peshwa Road | 29/12/2023 | Bharatiya Sahitya Bhavan/IN185/29.11.23/26/.23.11.23/1.12.23 | 2000.00 | 371.73 KAM | B-756283 | 1 | 2000.00 | English Books | |||
| Non-fiction | Sarojini Nagar | Sarojini Nagar | 29/12/2023 | Bharatiya Sahitya Bhavan/IN185/29.11.23/26/.23.11.23/1.12.23 | 2000.00 | 371.73 KAM | B-756284 | 1 | 2000.00 | English Books | |||
| Non-fiction | Shahdara Branch | Shahdara Branch | 29/12/2023 | Bharatiya Sahitya Bhavan/IN185/29.11.23/26/.23.11.23/1.12.23 | 2000.00 | 371.73 KAM | B-756285 | 1 | 2000.00 | English Books |
